"Bonjour" en 25 langues - Statistiques

Statistiques générales
  • Ce quiz a été pris 182 fois
  • Le résultat moyen est 9 sur 25
Statistiques - réponses
Hint Réponse % Correct
Français Bonjour
98%
Anglais Good morning
97%
Espagnol Buenos días
85%
Italien Buongiorno
82%
Portugais Bom dia
74%
Arabe Sabah el kheir
70%
Japonais Ohayō gozaimasu
54%
Hindi Namaste / Namaskār
51%
Coréen Annyông haseyo
49%
Grec Kaliméra
36%
Polonais Dzień dobry
33%
Finnois Hyvää huomenta
31%
Néerlandais Goedemorgen
28%
Islandais Góðan daginn
25%
Indonésien Selamat pagi
20%
Vietnamien Chào
13%
Danois / Norvégien God morgen
13%
Albanais Mirëmëngjes
13%
Hongrois Jó reggelt
10%
Tchèque Dobré ráno
9%
Croate / Slovène Dobro jutro
9%
Macédonien Dobro utro
8%
Suédois God morgon
7%
Luxembourgeois Gudde Moeien
7%
Afrikaans Goeie môre
2%
Aucun quiz correspondant
Distribution des résultats
% des personnes avec chaque résultat
Percentile par nombre de réponses
Votre historique - résultats
Vous n’avez pas pris ce quiz